[Event "Ruhrgebiet Regionalliga 0910"]
[Site "Germany"]
[Date "2010.03.14"]
[Round "8.5"]
[White "Hinz, Arne"]
[Black "Kropp, Andreas Juergen"]
[Result "1/2-1/2"]
[WhiteElo "1994"]
[BlackElo "1980"]
[PlyCount "61"]
[EventDate "2009.09.06"]
[EventType "team-tourn"]
[EventRounds "9"]
[EventCountry "GER"]
[SourceTitle "EXT 2011"]
[Source "ChessBase"]
[SourceDate "2010.11.26"]
[SourceVersion "1"]
[SourceVersionDate "2010.11.26"]
[SourceQuality "1"]
[WhiteTeam "Bochum SG III"]
[BlackTeam "Dortmund Hansa III"]
[WhiteTeamCountry "GER"]
[BlackTeamCountry "GER"]

1. Nc3 c5 2. e4 Nc6 3. g3 Nf6 4. Bg2 Rb8 5. a4 e6 6. d3 a6 7. Nf3 d5 8. Bf4 Ra8 9. 0-0 Be7 10. Re1 0-0 11. e5 Ne8 12. h4 f5 13. exf6 Bxf6 14. Ng5 Nd4 15. Nf3 Nd6 16. Nxd4 Bxd4 17. Be3 Bxe3 18. fxe3 Nf5 19. e4 dxe4 20. Nxe4 Nxg3 21. Qg4 Qd4+ 22. Kh2 Nxe4 23. Qxe4 Rf4 24. Qxd4 Rxd4 25. Re4 Rxe4 26. Bxe4 Rb8 27. a5 b6 28. axb6 Rxb6 29. b3 Rb5 30. Bc6 Rb6 31. Be4 1/2-1/2

[Event "GER-ch U25 op"]
[Site "Willingen"]
[Date "2009.06.05"]
[Round "8"]
[White "Hinz, Arne"]
[Black "Hoepfner, Tim"]
[Result "1-0"]
[WhiteElo "1965"]
[BlackElo "1824"]
[PlyCount "93"]
[EventDate "2009.05.30"]
[EventType "swiss"]
[EventRounds "9"]
[EventCountry "GER"]
[SourceTitle "EXT 2010"]
[Source "ChessBase"]
[SourceDate "2010.11.25"]
[SourceVersion "1"]
[SourceVersionDate "2010.11.25"]
[SourceQuality "1"]

1. e4 c5 2. Nc3 d6 3. g3 g6 4. Bg2 Bg7 5. d3 Nc6 6. Nge2 e5 7. 0-0 Nge7 8. f4 0-0 9. Nd5 Nxd5 10. exd5 Ne7 11. fxe5 dxe5 12. c4 Nf5 13. Nc3 Nd4 14. Ne4 b6 15. Bg5 f6 16. Bd2 a6 17. b4 f5 18. Ng5 cxb4 19. Ne6 Nxe6 20. dxe6 Ra7 21. Bd5 Kh8 22. Bxb4 Re8 23. e7 Qd7 24. Qf3 Bb7 25. Rab1 Bf6 26. Bxb7 Rxb7 27. Qe2 Qd4+ 28. Qf2 Qxd3 29. Rfd1 Qxc4 30. Rdc1 Qe6 31. Qf3 e4 32. Qa3 b5 33. Bc3 Rbxe7 34. Bxf6+ Qxf6 35. Rd1 Re6 36. Qe3 g5 37. Rd7 f4 38. Qa7 R6e7 39. Rbd1 f3 40. Rxe7 Rxe7 41. Qe3 Qb2 42. Rd8+ Kg7 43. Qxg5+ Kf7 44. Qg8+ Kf6 45. Rf8+ Ke5 46. Qh8+ Kd6 47. Qxb2 1-0

[Event "GER-ch U25 op"]
[Site "Willingen"]
[Date "2008.05.17"]
[Round "9"]
[White "Hinz, Arne"]
[Black "Werner, Patrick2222"]
[Result "1-0"]
[WhiteElo "1965"]
[BlackElo "1754"]
[PlyCount "51"]
[EventDate "2008.05.11"]
[EventType "swiss"]
[EventRounds "9"]
[EventCountry "GER"]
[SourceTitle "CBM 124 Extra"]
[Source "ChessBase"]
[SourceDate "2008.07.03"]
[SourceVersion "1"]
[SourceVersionDate "2008.07.03"]
[SourceQuality "1"]

1. e4 c5 2. Nc3 g6 3. f4 Bg7 4. Nf3 Nc6 5. Be2 e6 6. 0-0 Nge7 7. d3 0-0 8. Qe1 Nd4 9. Bd1 d6 10. Ne2 Nxf3+ 11. Rxf3 d5 12. e5 f6 13. Rh3 Rf7 14. d4 cxd4 15. Nxd4 fxe5 16. fxe5 Qc7 17. Nf3 Nc6 18. Ng5 Rf5 19. Bg4 Rxe5 20. Qg3 Qb6+ 21. Kh1 Qb4 22. Bf4 Qxb2 23. Rf1 Qb5 24. Qf2 Rxg5 25. Bxg5 Bd7 26. Be2 1-0

[Event "GER-chT U16"]
[Site "Uelzen"]
[Date "2007.12.28"]
[Round "4.1"]
[White "Hinz, Arne"]
[Black "Meissner, Felix"]
[Result "0-1"]
[WhiteElo "1968"]
[BlackElo "2047"]
[PlyCount "58"]
[EventDate "2007.12.27"]
[EventType "team-swiss"]
[EventRounds "7"]
[EventCountry "GER"]
[SourceTitle "EXT 2022"]
[Source "ChessBase"]
[SourceDate "2021.10.06"]
[SourceVersion "1"]
[SourceVersionDate "2021.10.06"]
[SourceQuality "1"]
[WhiteTeam "Bochum SG U16"]
[BlackTeam "Leipzig Gohlis U16"]
[WhiteTeamCountry "GER"]
[BlackTeamCountry "GER"]

1. e4 c5 2. c4 Nc6 3. Nc3 g6 4. g3 Bg7 5. Bg2 d6 6. Nge2 e5 7. 0-0 Nge7 8. d3 0-0 9. f4 f5 10. a3 a5 11. Rb1 Rb8 12. Bd2 Bd7 13. Nb5 Be6 14. Nec3 Nd4 15. Nxd4 exd4 16. Nd5 fxe4 17. Nxe7+ Qxe7 18. Bxe4 b5 19. Qc2 bxc4 20. dxc4 Qf7 21. Rfc1 Qa7 22. Qa4 d3 23. Bc3 d2 24. Bxd2 Bxb2 25. Rd1 Bd4+ 26. Kg2 Qf7 27. Qxa5 Bxc4 28. Bc3 Rxb1 29. Rxb1 Bd5 0-1

[Event "GER-ch U25"]
[Site "Willingen"]
[Date "2007.05.29"]
[Round "5"]
[White "Wagner, Florian"]
[Black "Hinz, Arne"]
[Result "1-0"]
[WhiteElo "2140"]
[BlackElo "1755"]
[PlyCount "81"]
[EventDate "2007.05.26"]
[EventType "swiss"]
[EventRounds "9"]
[EventCountry "GER"]
[SourceTitle "CBM 118 Extra"]
[Source "ChessBase"]
[SourceDate "2007.07.04"]
[SourceVersion "1"]
[SourceVersionDate "2007.07.04"]
[SourceQuality "1"]

1. e4 e5 2. Bc4 Nf6 3. d3 c6 4. Nf3 d5 5. Bb3 Bd6 6. exd5 cxd5 7. Bg5 Be6 8. 0-0 Nbd7 9. Nc3 Qa5 10. Qe1 Qc5 11. Bxf6 gxf6 12. d4 Qc6 13. dxe5 fxe5 14. Ba4 Qc7 15. Nb5 Qb8 16. Nxd6+ Qxd6 17. Nxe5 0-0 18. Nxd7 Bxd7 19. Bxd7 Qxd7 20. Qd2 Qf5 21. Rad1 Rad8 22. Qd4 Qxc2 23. Rd3 f6 24. Re1 Qc4 25. Rg3+ Kh8 26. Qxa7 Rfe8 27. Rge3 Rxe3 28. Qxe3 Rc8 29. Qe7 Qc6 30. h4 Rg8 31. g3 Qb6 32. Qa3 Qd4 33. Qf3 Qxb2 34. Qxd5 Qb4 35. Re4 Qb6 36. Kg2 Rd8 37. Qf5 Qc6 38. Kh2 Rd1 39. Qf4 Rd8 40. Re7 Qb6 41. Qf5 1-0

[Event "GER-ch U25"]
[Site "Willingen"]
[Date "2007.05.28"]
[Round "4"]
[White "Rieping, Heiner"]
[Black "Hinz, Arne"]
[Result "0-1"]
[WhiteElo "1679"]
[BlackElo "1755"]
[PlyCount "88"]
[EventDate "2007.05.26"]
[EventType "swiss"]
[EventRounds "9"]
[EventCountry "GER"]
[SourceTitle "CBM 118 Extra"]
[Source "ChessBase"]
[SourceDate "2007.07.04"]
[SourceVersion "1"]
[SourceVersionDate "2007.07.04"]
[SourceQuality "1"]

1. e4 e5 2. Bc4 Nf6 3. d3 c6 4. Nc3 d5 5. exd5 cxd5 6. Bb3 Nc6 7. Bg5 Bb4 8. Bd2 Bg4 9. f3 Be6 10. Nge2 0-0 11. 0-0 Bc5+ 12. Kh1 a6 13. Bg5 Qd7 14. Qe1 Ne8 15. Na4 Ba7 16. Nac3 f5 17. f4 d4 18. Nd1 Bxb3 19. axb3 h6 20. Bh4 e4 21. Nc1 Nd6 22. dxe4 fxe4 23. Nf2 Rae8 24. Ne2 Nf5 25. Bg3 Ne3 26. Qc1 Nxf1 27. Qxf1 Nb4 28. Qd1 e3 29. Nd3 Nxd3 30. Qxd3 Rc8 31. Ra4 Qf5 32. Qxf5 Rxf5 33. Nxd4 Bxd4 34. Rxd4 Rxc2 35. h3 e2 36. Re4 Rd5 37. Kh2 Rxb2 38. b4 Rd1 39. Bh4 Kh7 40. Bf2 b6 41. Kg3 a5 42. bxa5 bxa5 43. Kf3 Rf1 44. Kg3 a4 0-1

[Event "GER-ch op U25"]
[Site "Willingen"]
[Date "2006.06.06"]
[Round "6"]
[White "Hinz, Arne"]
[Black "Imcke, Patrick"]
[Result "1-0"]
[WhiteElo "1784"]
[BlackElo "1186"]
[PlyCount "51"]
[EventDate "2006.06.04"]
[EventType "swiss"]
[EventRounds "9"]
[EventCountry "GER"]
[SourceTitle "EXT 2007"]
[Source "ChessBase"]
[SourceDate "2006.11.23"]
[SourceVersion "1"]
[SourceVersionDate "2006.11.23"]
[SourceQuality "1"]

1. e4 e6 2. d4 d5 3. exd5 exd5 4. Bd3 c5 5. dxc5 Bxc5 6. Nf3 Nf6 7. 0-0 0-0 8. Nc3 Bg4 9. h3 Bh5 10. Bg5 Kh8 11. Be2 Re8 12. Bxf6 gxf6 13. Bb5 Nc6 14. g4 Rg8 15. Kh1 Qd7 16. Qxd5 Qxd5 17. Nxd5 Bg6 18. Nxf6 Rgd8 19. Bxc6 bxc6 20. h4 Bb6 21. Rac1 Kg7 22. g5 Rd6 23. h5 Bf5 24. h6+ Kh8 25. Ne5 Rf8 26. f4 1-0

[Event "NRW-ch U14"]
[Site "Kranenburg"]
[Date "2005.04.01"]
[Round "6"]
[White "Hinz, Arne"]
[Black "Tkachuk, Konstantyn"]
[Result "0-1"]
[WhiteElo "1408"]
[BlackElo "1871"]
[PlyCount "52"]
[EventDate "2005.03.28"]
[EventType "swiss"]
[EventRounds "7"]
[EventCountry "GER"]
[SourceTitle "CBM 105 Extra"]
[Source "ChessBase"]
[SourceDate "2005.05.01"]
[SourceVersion "1"]
[SourceVersionDate "2005.05.01"]
[SourceQuality "1"]

1. e4 e5 2. Nf3 Nc6 3. Bb5 a6 4. Ba4 Nf6 5. 0-0 Be7 6. Re1 b5 7. Bb3 0-0 8. c3 d5 9. exd5 Nxd5 10. Nxe5 Nxe5 11. Rxe5 c6 12. d4 Bd6 13. Re1 Qh4 14. g3 Qh3 15. Be3 Be6 16. Qd3 Rae8 17. Nd2 f5 18. f4 g5 19. Qf1 Qh5 20. Bxd5 Bxd5 21. c4 bxc4 22. Rac1 Re6 23. Qf2 Rg6 24. Rf1 Qh3 25. Qe2 Re8 26. Nxc4 gxf4 0-1

[Event "NRW-ch U14"]
[Site "Kranenburg"]
[Date "2005.03.28"]
[Round "1"]
[White "Hinz, Arne"]
[Black "Czybik, Nils Patrick"]
[Result "1/2-1/2"]
[WhiteElo "1408"]
[BlackElo "1811"]
[PlyCount "24"]
[EventDate "2005.03.28"]
[EventType "swiss"]
[EventRounds "7"]
[EventCountry "GER"]
[SourceTitle "CBM 105 Extra"]
[Source "ChessBase"]
[SourceDate "2005.05.01"]
[SourceVersion "1"]
[SourceVersionDate "2005.05.01"]
[SourceQuality "1"]

1. e4 c5 2. Nc3 e6 3. f4 d5 4. e5 Nc6 5. Nf3 Nge7 6. Be2 Nf5 7. 0-0 c4 8. d3 Bc5+ 9. Kh1 cxd3 10. Bxd3 Ne3 11. Bxe3 Bxe3 12. Ng5 Bxf4 1/2-1/2

[Event "GER-ch U12"]
[Site "Willingen"]
[Date "2004.06.04"]
[Round "10"]
[White "Hinz, Arne"]
[Black "Wolff, Christoph1111"]
[Result "1/2-1/2"]
[WhiteElo "1524"]
[BlackElo "1374"]
[PlyCount "56"]
[EventDate "2004.06.??"]
[EventType "swiss"]
[EventRounds "11"]
[EventCountry "GER"]
[SourceTitle "EXT 2005"]
[Source "ChessBase"]
[SourceDate "2004.11.15"]
[SourceVersion "1"]
[SourceVersionDate "2004.11.15"]
[SourceQuality "1"]

1. e4 c5 2. Nc3 Nc6 3. f4 d6 4. Nf3 g6 5. Be2 Bg7 6. 0-0 e6 7. d3 Nge7 8. Qe1 Bd7 9. Nb5 Bc8 10. Qg3 a6 11. Nc3 0-0 12. a3 Bd7 13. Bd2 Rb8 14. Nd1 b5 15. Bc3 Nd4 16. Nxd4 cxd4 17. Bb4 Rc8 18. Rc1 Rc6 19. Nf2 Qc7 20. Bd1 a5 21. Bd2 Rb8 22. b3 b4 23. a4 d5 24. e5 Rb7 25. Qg5 Nf5 26. Re1 Rb8 27. Qg4 Rc8 28. Qh3 h5 1/2-1/2

[Event "GER-ch U12"]
[Site "Willingen"]
[Date "2004.05.30"]
[Round "3"]
[White "Dietrich, Stefan"]
[Black "Hinz, Arne"]
[Result "1/2-1/2"]
[WhiteElo "1176"]
[BlackElo "1524"]
[PlyCount "25"]
[EventDate "2004.06.??"]
[EventType "swiss"]
[EventRounds "11"]
[EventCountry "GER"]
[SourceTitle "EXT 2005"]
[Source "ChessBase"]
[SourceDate "2004.11.15"]
[SourceVersion "1"]
[SourceVersionDate "2004.11.15"]
[SourceQuality "1"]

1. e4 e5 2. Nf3 Nf6 3. Nc3 Nc6 4. d4 exd4 5. Nxd4 d6 6. Be2 Be7 7. 0-0 0-0 8. Be3 Nxd4 9. Bxd4 Nd7 10. Nd5 Nb6 11. Nxe7+ Qxe7 12. Bd3 Be6 13. b3 1/2-1/2

[Event "GER-ch U12"]
[Site "Willingen"]
[Date "2004.05.30"]
[Round "2"]
[White "Hinz, Arne"]
[Black "Wild, Katharina"]
[Result "0-1"]
[WhiteElo "1524"]
[BlackElo "1249"]
[PlyCount "24"]
[EventDate "2004.06.??"]
[EventType "swiss"]
[EventRounds "11"]
[EventCountry "GER"]
[SourceTitle "EXT 2005"]
[Source "ChessBase"]
[SourceDate "2004.11.15"]
[SourceVersion "1"]
[SourceVersionDate "2004.11.15"]
[SourceQuality "1"]

1. e4 c6 2. d4 d5 3. e5 Bf5 4. Nf3 e6 5. Be2 c5 6. c3 Nd7 7. 0-0 Ne7 8. Nbd2 Nc6 9. Re1 Qb6 10. Nf1 Be7 11. Ng3 Bg6 12. Rb1 Bxb1 0-1

[Event "NRW-ch U12"]
[Site "Kranenburg"]
[Date "2003.04.23"]
[Round "4"]
[White "Van Orsouw, Svenja"]
[Black "Hinz, Arne"]
[Result "0-1"]
[WhiteElo "1437"]
[BlackElo "1308"]
[PlyCount "48"]
[EventDate "2003.04.??"]
[EventType "swiss"]
[EventRounds "7"]
[EventCountry "GER"]
[SourceTitle "EXT 2005"]
[Source "ChessBase"]
[SourceDate "2004.11.15"]
[SourceVersion "1"]
[SourceVersionDate "2004.11.15"]
[SourceQuality "1"]

1. d4 d5 2. Nc3 Bf5 3. f3 e6 4. Bf4 Bd6 5. Bxd6 cxd6 6. g3 Nd7 7. Bg2 Ngf6 8. e4 dxe4 9. fxe4 Bg6 10. Nge2 0-0 11. Qd2 Rc8 12. 0-0 Qb6 13. Rab1 Rfe8 14. Kh1 e5 15. d5 Nc5 16. Qd1 Ncxe4 17. Bf3 Nf2+ 18. Rxf2 Qxf2 19. Qf1 Qxf1+ 20. Rxf1 Bxc2 21. Rf2 Bd3 22. Nc1 Ba6 23. Be4 Nxe4 24. Nxe4 Rxc1+ 0-1